| 000 | 00527nam a2200181 a 4500 | ||
|---|---|---|---|
| 005 | 20260225064010.0 | ||
| 008 | 991125s1989 mx 000 0 spa u | ||
| 035 | _aUPN01000024351 | ||
| 049 | _aCG | ||
| 050 | 4 |
_aB829.5 _bL9.48 |
|
| 100 | 1 |
_aLyotard, Jean-Francois, _d1924-1998 _941321 |
|
| 245 | 1 | 3 |
_aLa fenomenología / _cJean Francois Lyotard ; tr. Aída Aisenson de Kogan. |
| 260 |
_aMéxico : _bPaidós, _c1989. |
||
| 300 | _a158 p. | ||
| 440 | 0 |
_aPaidós studio ; _v76 |
|
| 650 | 4 |
_aFenomenología _97867 |
|
| 905 | _aLibro | ||
| 999 |
_c24351 _d24351 |
||